Renewables information 2003 with 2002 data

Saved in:
Bibliographic Details
Corporate Author: OECD. International Energy Agency
Format: Book
Language:English
Published: Paris OECD 2002
Series:IEA statistics
Subjects:
Tags: Add Tag
No Tags, Be the first to tag this record!

MARC

LEADER 00000nam a2200000 4500
001 0011813
005 20240313135102.1
020 |a 92-64-10227-2 
041 0 |a eng 
044 |a FR 
245 1 0 |a Renewables information 2003  |b with 2002 data 
264 1 |a Paris  |b OECD  |c 2002 
300 |a 188 s. 
490 1 |a IEA statistics 
830 0 |a IEA statistics 
610 2 0 |a údaje štatistické 
610 2 0 |a energetika 
610 2 0 |a energia 
610 2 0 |a zdroje energetické 
610 2 0 |a produkcia 
610 2 0 |a spotreba 
610 2 0 |a porovnanie medzinárodné 
710 2 |a OECD. International Energy Agency